Los homicidios culposos en Costa Rica: análisis del periodo 2000-2009 = Manslaughters in Costa Rica: analysis 2000-2009 /
Đã lưu trong:
| Tác giả chính: | |
|---|---|
| Định dạng: | Texto |
| Các nhãn: |
Thêm thẻ
Không có thẻ, Là người đầu tiên thẻ bản ghi này!
|
MARC
| LEADER | 00000 a a2200000 04500 | ||
|---|---|---|---|
| 001 | 47926 | ||
| 003 | |||
| 040 | |||
| 100 | |a Sáenz Rojas, Mario Alberto | ||
| 245 | |a Los homicidios culposos en Costa Rica: análisis del periodo 2000-2009 = |b Manslaughters in Costa Rica: analysis 2000-2009 / |c Mario Alberto Sáenz Rojas | ||
| 773 | |g número144, (2014), páginas 159-181 : tablas, gráficos | ||
| 999 | |c 25494 |d 25494 | ||
| 773 | 0 | |0 18728 |9 1628 |a Universidad de Costa Rica |d San José, Costa Rica Editorial UCR 1956- |o 18152 |t Revista de Ciencias Sociales/ |x 04825276 | |
